| 000 | 00683nam a22001937a 4500 | ||
|---|---|---|---|
| 005 | 20251108175307.0 | ||
| 008 | 250721s2014 xx 000 0 ara d | ||
| 082 | 1 | 4 | _a811.09/بهج |
| 100 | 1 |
_aالعنسي، القاضي اسماعيل بن احمد _eجامع |
|
| 245 | 1 | 0 | _aأبيات من الحكم والمواعظ والشواهد والامثال / |
| 264 | 1 |
_aعمان _ الاردن : _bدار عمار للنشر والتوزيع، _c2014. |
|
| 300 | _a343ص. | ||
| 650 | 1 | 7 | _aالشعر العربي |
| 650 | 1 | 7 | _aالتحليل الادبي |
| 650 | 1 | 7 | _aالحكم ( الامثال ) |
| 700 | 1 | _aبهجت، مجاهد | |
| 942 |
_2ddc _cBK |
||
| 999 |
_c130747 _d130747 |
||